[Event "Euro Online U2300 Day 1"]
[Site "chess.com INT"]
[Date "2020.05.25"]
[Round "7"]
[White "Uhmann, Jan"]
[Black "Marchesich, Giovanni"]
[Result "0-1"]
[WhiteElo "2009"]
[BlackElo "2046"]
[WhiteFideId "306363"]
[BlackFideId "2824790"]
[EventDate "2020.05.25"]

1. e4 e5 2. Nf3 Nc6 3. d4 exd4 4. Nxd4 Bc5 5. Be3 Qf6 6. c3 d6 7. Bc4 Qg6 8. O-O
Ne5 9. Be2 Bh3 10. Bf3 Nf6 11. Nd2 Nh5 12. Kh1 Nxf3 13. gxh3 Nxd2 14. Qxd2 Qxe4+
15. f3 Qd5 16. Qd3 O-O-O 17. b4 Bb6 18. c4 Qe5 19. a4 Rhe8 20. Bf2 Nf4 21. Qf5+
Qxf5 22. Nxf5 Bxf2 23. Rxf2 g6 24. Nd4 Nd3 25. Rd2 Nxb4 26. Rb1 Nc6 27. Nxc6
bxc6 28. Rdb2 Kd7 29. Rb7 Ra8 30. a5 Re2 31. Rb8 Rxb8 32. Rxb8 Ra2 33. Rf8 Rxa5
34. Rxf7+ Kc8 35. Rxh7 Ra2 36. Rg7 a5 37. Rxg6 a4 38. c5 a3 39. Rg4 Rb2 40. Ra4
a2 0-1

[Event "Euro Online U2300 Day 1"]
[Site "chess.com INT"]
[Date "2020.05.25"]
[Round "7"]
[White "Pulkkinen, Kari"]
[Black "Riabov, Alexander"]
[Result "1-0"]
[WhiteTitle "FM"]
[WhiteElo "2232"]
[BlackElo "2004"]
[WhiteFideId "500712"]
[BlackFideId "14906562"]
[EventDate "2020.05.25"]

1. e4 e5 2. Bc4 Nf6 3. d3 Bc5 4. Nc3 O-O 5. f4 d6 6. Nf3 Bg4 7. h3 Bxf3 8. Qxf3
c6 9. fxe5 dxe5 10. Bg5 h6 11. Bxf6 Qxf6 12. Qxf6 gxf6 13. Rf1 Kg7 14. Ke2 Nd7
15. Rf3 Rg8 16. Raf1 Kf8 17. g4 Ke7 18. a3 a5 19. a4 Rg5 20. Nd1 Rag8 21. Ne3
Bxe3 22. Kxe3 h5 23. gxh5 Rxh5 24. c3 Rgh8 25. Rh1 Nf8 26. d4 Ng6 27. Bf1 Nf4
28. Rg3 Rh4 29. Rh2 Ne6 30. Rh1 Ng5 31. Bg2 Ke6 32. Rg4 Rxg4 33. hxg4 Rxh1 34.
Bxh1 Kd6 35. Bg2 b5 36. axb5 cxb5 37. Bf1 b4 38. Bc4 bxc3 39. bxc3 Ne6 40. Kd3
Nf4+ 41. Kc2 exd4 42. cxd4 Ne6 43. Kc3 a4 44. Bxe6 fxe6 45. Kb4 1-0

[Event "Euro Online U2300 Day 1"]
[Site "chess.com INT"]
[Date "2020.05.25"]
[Round "7"]
[White "Tevzadze, Mariam"]
[Black "Salimova, Nurgyul"]
[Result "0-1"]
[BlackTitle "IM"]
[WhiteElo "1834"]
[BlackElo "2372"]
[WhiteFideId "13605470"]
[BlackFideId "2915138"]
[EventDate "2020.05.25"]

1. d4 Nf6 2. c3 d5 3. Nf3 e6 4. Bf4 Bd6 5. e3 O-O 6. Bd3 b6 7. Nbd2 Bb7 8. Qc2
Bxf4 9. exf4 c5 10. h3 Nc6 11. O-O Rc8 12. Qd1 cxd4 13. Nxd4 Nxd4 14. cxd4 Qd6
15. g3 Rc7 16. Qe2 Rfc8 17. Nf3 Ne4 18. Ne5 Qb4 19. Nf3 h6 20. g4 Qd6 21. Qe3
Qb4 22. Qe2 Qd6 23. Qe3 Qb4 24. Rab1 Nd6 25. h4 Bc6 26. a3 Qa4 27. Rfc1 Bb5 28.
Rd1 Bxd3 29. Qxd3 Ne4 30. Nd2 Nd6 31. Nf3 Qc2 32. h5 Qxd3 33. Rxd3 Rc1+ 34. Rxc1
Rxc1+ 35. Kg2 Ne4 36. Ne5 Rc2 37. Rf3 Rxb2 38. f5 exf5 39. Rxf5 Nd6 40. Rf3 b5
41. Nc6 Rc2 42. Ne7+ Kf8 43. Nxd5 Rd2 44. Nf4 Ke7 45. Re3+ Kd7 46. d5 Rd4 47.
Kg3 Ne4+ 48. Kf3 Nd2+ 49. Ke2 Rxf4 50. Kxd2 Rxg4 51. Kc3 Kd6 52. Re8 Rf4 53.
Rd8+ Kc5 54. d6 Rf3+ 55. Kd2 Rxf2+ 56. Ke3 Rf6 57. d7 Kc6 58. Ke4 Rd6 59. Rc8+
Kxd7 60. Rg8 g6 61. hxg6 fxg6 62. Rg7+ Kc6 63. Rxa7 h5 64. Ra8 Kc5 65. Rc8+ Rc6
66. Rd8 Rf6 67. Ke3 h4 68. Rh8 g5 69. Ke4 Rf4+ 70. Ke5 Rf3 71. Rc8+ Kb6 72. Rb8+
Kc7 73. Rxb5 h3 74. Rc5+ Kb6 75. Rc1 g4 76. Ke4 h2 77. a4 Rf2 78. Ke3 g3 79. Ra1
Ka5 80. Rd1 Rf5 81. Ke4 g2 82. Kxf5 g1=Q 83. Rd5+ Kxa4 0-1

[Event "Euro Online U2300 Day 1"]
[Site "chess.com INT"]
[Date "2020.05.25"]
[Round "7"]
[White "Palchuk, Andrii"]
[Black "Petrovic, Zvonko"]
[Result "1-0"]
[WhiteTitle "FM"]
[BlackTitle "FM"]
[WhiteElo "2183"]
[BlackElo "2145"]
[WhiteFideId "14176688"]
[BlackFideId "14500914"]
[EventDate "2020.05.25"]

1. e4 c5 2. c3 Nf6 3. e5 Nd5 4. Bc4 Nb6 5. Bb3 c4 6. Bc2 Nc6 7. Nf3 d5 8. exd6
Qxd6 9. d3 Bg4 10. dxc4 Nxc4 11. Qxd6 Nxd6 12. Nbd2 e5 13. h3 Bh5 14. Ng5 h6 15.
Nge4 O-O-O 16. Nxd6+ Bxd6 17. Ne4 Be7 18. Ng3 Bg6 19. Bxg6 fxg6 20. Be3 Kb8 21.
Ke2 Na5 22. b3 Ba3 23. Ne4 Be7 24. Rhd1 b6 25. Rxd8+ Rxd8 26. Rd1 Rxd1 27. Kxd1
Kc7 28. Ke2 Nc6 29. Kd3 b5 30. Bc5 Bxc5 31. Nxc5 Kd6 32. Ne4+ Ke6 33. Nc5+ Kd5
34. Ne4 Ke6 35. a3 a5 36. a4 b4 37. Kc4 bxc3 38. Nxc3 Na7 39. Kc5 Nc8 40. Nb5 e4
41. Nd4+ Ke5 42. Nc6+ Kf4 43. Nxa5 Ne7 44. Nc4 g5 45. b4 h5 46. b5 Nc8 47. a5 1-0

[Event "Euro Online U2300 Day 1"]
[Site "chess.com INT"]
[Date "2020.05.25"]
[Round "7"]
[White "Makropoulou, Marina"]
[Black "Evans, Kevin"]
[Result "1-0"]
[WhiteTitle "WGM"]
[WhiteElo "2173"]
[BlackElo "2081"]
[WhiteFideId "4200187"]
[BlackFideId "1801686"]
[EventDate "2020.05.25"]

1. e4 d5 2. exd5 Qxd5 3. Nc3 Qd8 4. Bc4 Nf6 5. Nf3 a6 6. Ne5 e6 7. d4 b5 8. Bb3
c5 9. Qf3 Ra7 10. dxc5 Bxc5 11. O-O Bb7 12. Qg3 Nbd7 13. Qxg7 Rf8 14. Nxd7 Nxd7
15. Bg5 Be7 16. Bxe7 Qxe7 17. Rfe1 Nc5 18. Bd5 b4 19. Bxb7 Rxb7 20. Nd5 Qd6 21.
Nf6+ Ke7 22. Rad1 Qc6 23. Nxh7 Rc8 24. Qg5+ Ke8 25. Nf6+ Kf8 26. Qg8+ Ke7 27.
Nd5+ Qxd5 28. Qxc8 Qh5 29. Qd8# 1-0

[Event "Euro Online U2300 Day 1"]
[Site "chess.com INT"]
[Date "2020.05.25"]
[Round "7"]
[White "Gaboyan, Susanna"]
[Black "Guindy, Esmat Susanne"]
[Result "0-1"]
[WhiteTitle "WIM"]
[BlackTitle "WFM"]
[WhiteElo "2211"]
[BlackElo "2131"]
[WhiteFideId "13303627"]
[BlackFideId "1401637"]
[EventDate "2020.05.25"]

1. Nf3 d5 2. g3 Bf5 3. Bg2 c6 4. O-O e6 5. d3 Nf6 6. Nbd2 Nbd7 7. Qe1 h6 8. e4
dxe4 9. dxe4 Bh7 10. Qe2 Be7 11. Rd1 O-O 12. Nd4 Bc5 13. Nc4 Qe7 14. c3 a5 15.
h3 Rfd8 16. Kh2 Nb6 17. Ne5 Rac8 18. Ng4 Nxg4+ 19. Qxg4 Kh8 20. e5 Nd5 21. Be4
Bxe4 22. Qxe4 Rd7 23. Be3 Bxd4 24. Rxd4 c5 25. Rd2 Rcd8 26. Rad1 Nxe3 27. Qxe3
b6 28. b4 axb4 29. cxb4 Rxd2 30. Rxd2 Rxd2 31. Qxd2 cxb4 32. Qd6 Qa7 33. Qxb4
Qxa2 34. Qf8+ Kh7 35. Qxf7 Qd5 36. Qf4 b5 37. h4 Qc4 38. Qf7 b4 39. h5 Qg4 40.
f3 Qg5 41. f4 Qg4 42. Qb7 Qxh5+ 43. Kg2 Qe2+ 44. Kh3 Qc4 45. Qf7 b3 46. Qb7 Qc2
47. g4 b2 48. f5 exf5 49. gxf5 Qxf5+ 50. Kg3 b1=Q 51. Qxb1 Qxb1 52. e6 Qe4 53.
e7 Qxe7 54. Kf4 0-1

[Event "Euro Online U2300 Day 1"]
[Site "chess.com INT"]
[Date "2020.05.25"]
[Round "7"]
[White "Arakhamia-Grant, Ketevan"]
[Black "Bogdanovics, Kirills"]
[Result "0-1"]
[WhiteTitle "GM"]
[WhiteElo "2380"]
[BlackElo "1657"]
[WhiteFideId "13600168"]
[BlackFideId "11608064"]
[EventDate "2020.05.25"]

1. e4 c5 2. Nf3 d6 3. Bb5+ Bd7 4. Bxd7+ Qxd7 5. c3 Nf6 6. Qe2 Qg4 7. d3 Qxg2 8.
Rg1 Qh3 9. d4 cxd4 10. cxd4 Nc6 11. Nc3 g6 12. e5 dxe5 13. dxe5 Nd7 14. Nd5 Rc8
15. Rg3 Qe6 16. Nf4 Qf5 17. Rg5 Nd4 18. Nxd4 Qxg5 19. Nf3 Qf5 20. e6 fxe6 21.
Nxe6 Kf7 22. Bd2 Nc5 23. Nfg5+ Kg8 24. Bc3 Nxe6 25. Nxe6 Kf7 26. Bxh8 Qxe6 27.
Be5 Bg7 28. f4 Bxe5 29. fxe5 Qf5 30. Qb5 Qe4+ 31. Qe2 Qxe2+ 32. Kxe2 Rc2+ 33.
Ke3 Rxh2 34. b4 Ke6 0-1

[Event "Euro Online U2300 Day 1"]
[Site "chess.com INT"]
[Date "2020.05.25"]
[Round "7"]
[White "Grutter, Tim"]
[Black "Simonovic, Miroslav"]
[Result "1-0"]
[BlackTitle "CM"]
[WhiteElo "2253"]
[BlackElo "2129"]
[WhiteFideId "1057472"]
[BlackFideId "919152"]
[EventDate "2020.05.25"]

1. e4 c5 2. Nf3 Nc6 3. d4 cxd4 4. Nxd4 e5 5. Nb5 d6 6. N1c3 a6 7. Na3 b5 8. Nd5
Nf6 9. Bg5 Be7 10. Bxf6 Bxf6 11. c3 O-O 12. Nc2 Rb8 13. a4 Bg5 14. axb5 axb5 15.
h4 Bh6 16. Ncb4 Nxb4 17. cxb4 f5 18. exf5 Bxf5 19. Ra7 Kh8 20. Be2 Be4 21. f3
Rc8 22. Nc3 Qb6 23. Rd7 Rxc3 24. bxc3 Qe3 25. Qxd6 Qxc3+ 26. Kf1 1-0

[Event "Euro Online U2300 Day 1"]
[Site "chess.com INT"]
[Date "2020.05.25"]
[Round "7"]
[White "Lagerman, Robert"]
[Black "De Blecourt, Sandra"]
[Result "1-0"]
[WhiteTitle "FM"]
[BlackTitle "WFM"]
[WhiteElo "2298"]
[BlackElo "2038"]
[WhiteFideId "2300362"]
[BlackFideId "1004948"]
[EventDate "2020.05.25"]

1. e4 c5 2. d4 cxd4 3. Qxd4 Nc6 4. Qe3 e6 5. Nc3 Bb4 6. Bd2 Nge7 7. O-O-O O-O 8.
a3 Ba5 9. Qg3 Ng6 10. h4 Bc7 11. f4 f5 12. h5 Nge7 13. Bd3 fxe4 14. Bxe4 Nf5 15.
Qh3 Qe7 16. Nf3 d5 17. Bd3 a6 18. g4 Nd6 19. Ng5 h6 20. Nh7 Rd8 21. g5 e5 22.
Qg2 d4 23. Nd5 Qf7 24. Nhf6+ gxf6 25. Nxf6+ Kf8 26. Kb1 Nf5 27. fxe5 Bxe5 28.
Rdf1 Nce7 29. Bb4 Bd6 30. Bxd6 Rxd6 31. Ne4 Rb6 32. gxh6 Rxh6 33. Rhg1 Bd7 34.
Qg5 Rxh5 35. Qf4 Nd5 36. Qe5 Nde3 37. Nd6 Qe7 38. Qg3 Rg5 39. Nxf5 Rxg3 40.
Nxe3+ Ke8 41. Rxg3 dxe3 42. Rg8+ 1-0

[Event "Euro Online U2300 Day 1"]
[Site "chess.com INT"]
[Date "2020.05.25"]
[Round "7"]
[White "Kabanova, Ekaterina"]
[Black "Svane, Frederik"]
[Result "0-1"]
[WhiteTitle "WFM"]
[WhiteElo "2138"]
[BlackElo "2421"]
[WhiteFideId "24112917"]
[BlackFideId "12923044"]
[EventDate "2020.05.25"]

1. c4 Nf6 2. Nf3 d6 3. h3 g6 4. Nc3 Bg7 5. d4 O-O 6. e4 e5 7. d5 Nh5 8. g3 Qe8
9. Be2 f5 10. exf5 gxf5 11. Nh4 Nf6 12. Bg5 Na6 13. Qc2 Nc5 14. Be3 a5 15. O-O-O
a4 16. a3 c6 17. dxc6 Qxc6 18. Kb1 Be6 19. Nxf5 Bxf5 20. Qxf5 Nfe4 21. Qg4 Nxc3+
22. bxc3 Qb6+ 23. Kc2 Qb3+ 24. Kd2 Qxa3 25. Rb1 Qa2+ 26. Kc1 Nb3+ 27. Rxb3 axb3
28. Bd3 b2+ 29. Kd1 b1=Q+ 30. Bxb1 Qxb1+ 31. Bc1 0-1

[Event "Euro Online U2300 Day 1"]
[Site "chess.com INT"]
[Date "2020.05.25"]
[Round "7"]
[White "Lystsov, Leonid"]
[Black "Gallasch, Jonas"]
[Result "0-1"]
[WhiteTitle "CM"]
[WhiteElo "2038"]
[BlackElo "2090"]
[WhiteFideId "44173873"]
[BlackFideId "16222474"]
[EventDate "2020.05.25"]

1. Nf3 c5 2. g3 Nc6 3. Bg2 g6 4. O-O Bg7 5. c4 e6 6. Nc3 Nge7 7. d3 O-O 8. Bg5
h6 9. Bd2 d5 10. Qc1 Kh7 11. cxd5 exd5 12. e4 Nb4 13. Qb1 d4 14. Ne2 Nec6 15. a3
Na6 16. b4 cxb4 17. axb4 Nc7 18. b5 Ne7 19. Rc1 Ne6 20. Bb4 Re8 21. Nd2 Bd7 22.
Nc4 Nc8 23. Bd2 Nc7 24. Na5 Nd6 25. b6 Ncb5 26. bxa7 Rxa7 27. Nb3 Rxa1 28. Qxa1
Qa8 29. Qb2 Rc8 30. Bb4 Rxc1+ 31. Qxc1 Qa4 32. Bxd6 Qxb3 33. Bc5 Qxd3 34. Nf4
Qc3 35. Qxc3 dxc3 36. Nd3 Nd4 37. Kf1 Bb5 0-1

[Event "Euro Online U2300 Day 1"]
[Site "chess.com INT"]
[Date "2020.05.25"]
[Round "7"]
[White "Ismayilov, Firuz"]
[Black "Lauda, Alexandr"]
[Result "1-0"]
[WhiteElo "1590"]
[BlackElo "1984"]
[WhiteFideId "13416561"]
[BlackFideId "13903179"]
[EventDate "2020.05.25"]

1. b3 c5 2. Bb2 Nc6 3. e4 d6 4. f4 Nf6 5. Nc3 Bg4 6. Nf3 e5 7. fxe5 dxe5 8. Bb5
Bd6 9. d3 O-O 10. Bxc6 bxc6 11. O-O Nh5 12. h3 Be6 13. Ne2 Nf4 14. Nxf4 exf4 15.
e5 Be7 16. Qd2 g5 17. Rae1 Qd7 18. Qf2 h5 19. Nd2 Bd5 20. Qe2 g4 21. hxg4 Bh4
22. Rxf4 Bxe1 23. Qxe1 Be6 24. Ne4 Qc7 25. Nf6+ Kg7 26. Nxh5+ Kg8 27. Nf6+ Kg7
28. Nh5+ Kg8 29. Rf6 Rfd8 30. Qe3 Kf8 31. Rxe6 fxe6 32. Qh6+ Ke8 33. Nf6+ Kf7
34. Qh7+ Kf8 35. Qg8+ Ke7 36. Qg7# 1-0

[Event "Euro Online U2300 Day 1"]
[Site "chess.com INT"]
[Date "2020.05.25"]
[Round "7"]
[White "Horak, Jiri1"]
[Black "Kucera, Jiri"]
[Result "1-0"]
[WhiteElo "2176"]
[BlackElo "2019"]
[WhiteFideId "303330"]
[BlackFideId "309494"]
[EventDate "2020.05.25"]

1. e4 c5 2. c3 d6 3. d4 Nd7 4. Nf3 e5 5. Nbd2 Ngf6 6. Bc4 Be7 7. O-O O-O 8. a4
b6 9. Qb3 h6 10. dxe5 Nxe5 11. Nxe5 dxe5 12. Nf3 Qc7 13. Re1 Bb7 14. Bd5 Nxd5
15. exd5 Bd6 16. c4 f5 17. h3 e4 18. Nd2 Rae8 19. Nf1 Kh8 20. a5 bxa5 21. Qb5 a6
22. Qxa5 Qxa5 23. Rxa5 f4 24. Nd2 Bc7 25. Ra3 e3 26. fxe3 Be5 27. Nf3 fxe3 28.
Raxe3 Bd4 29. Nxd4 Rxe3 30. Bxe3 cxd4 31. Bxd4 Rc8 32. b3 Rc7 33. d6 Rd7 34. Re7
Rxe7 35. dxe7 Bc6 36. g3 Kg8 37. h4 Kf7 38. Bc5 g6 39. Kf2 Ke6 40. Ke3 Kf5 41.
Bd6 Ke6 42. Bf4 h5 43. Bg5 Kf5 44. Kd4 Kg4 45. Bf4 Kf5 46. Kc5 Be8 47. Kb6 Ke6
48. Bg5 Kd6 49. Kxa6 Kc5 50. Ka5 Bd7 51. Bc1 Be8 52. Ba3+ Kd4 53. Kb4 Ke5 54.
Kc5 Ke6 55. Kb6 Ke5 56. Bc5 Ke4 57. Bd6 Kd4 58. c5 Kd5 59. b4 1-0

[Event "Euro Online U2300 Day 1"]
[Site "chess.com INT"]
[Date "2020.05.25"]
[Round "7"]
[White "Purtseladze, Maka"]
[Black "Basa, Manasvita"]
[Result "0-1"]
[WhiteTitle "IM"]
[WhiteElo "2274"]
[BlackElo "1711"]
[WhiteFideId "13602659"]
[BlackFideId "1060228"]
[EventDate "2020.05.25"]

1. d4 d5 2. Bf4 Nf6 3. e3 Bf5 4. c3 e6 5. Qb3 Qc8 6. Nd2 Nc6 7. Bb5 Bd6 8. Ngf3
Bxf4 9. exf4 O-O 10. Bxc6 bxc6 11. Ne5 Ng4 12. Nxc6 Qa6 13. Ne7+ Kh8 14. h3 Nf6
15. Nxf5 exf5 16. O-O-O Rab8 17. Qa3 Qe2 18. Rhf1 a5 19. Rde1 Qb5 20. Nb3 a4 21.
Nc5 Ne4 22. Nxe4 fxe4 23. f3 e3 24. Qb4 Qd3 25. Qa3 Qd2+ 26. Kb1 Qxg2 27. Ka1
Rfe8 28. Rg1 Qf2 29. Rgf1 Qd2 30. Rb1 e2 31. Rfe1 Re6 32. Qxa4 Reb6 33. b4 Qxc3+ 0-1

[Event "Euro Online U2300 Day 1"]
[Site "chess.com INT"]
[Date "2020.05.25"]
[Round "7"]
[White "Agrafenin, Andrey"]
[Black "Ivanovitch, Nicholas Michael"]
[Result "1-0"]
[BlackTitle "CM"]
[WhiteElo "2017"]
[BlackElo "2201"]
[WhiteFideId "13506544"]
[BlackFideId "2263041"]
[EventDate "2020.05.25"]

1. c4 Nf6 2. Nc3 g6 3. e4 d6 4. d4 Nbd7 5. f3 Bg7 6. Be3 O-O 7. Nge2 e5 8. Qd2
a6 9. Nc1 exd4 10. Bxd4 Re8 11. Be2 Ne5 12. O-O b6 13. Nd5 Bb7 14. Rd1 a5 15.
Bf1 Qd7 16. Be3 Bxd5 17. cxd5 Rec8 18. Nb3 a4 19. Nd4 Rab8 20. Ba6 Rf8 21. Bb5
Qe7 22. Bxa4 Nxd5 23. Bf2 Nf6 24. Rac1 Nfd7 25. Rxc7 Rfc8 26. Rdc1 Qd8 27. Rxc8
Rxc8 28. Rxc8 Qxc8 29. Qc2 Qd8 30. b4 Qg5 31. Kf1 Qf4 32. g3 Qf6 33. Kg2 Nf8 34.
Bb3 Ne6 35. Bxe6 fxe6 36. Qc8+ Kf7 37. Qc7+ Qe7 38. Qxb6 Nc4 39. Qc6 Ne5 40. Qc2
Bh6 41. b5 d5 42. b6 Qb7 43. Qc7+ 1-0

[Event "Euro Online U2300 Day 1"]
[Site "chess.com INT"]
[Date "2020.05.25"]
[Round "7"]
[White "Fajdetic, Hrvoje"]
[Black "Mladek, Richard"]
[Result "0-1"]
[WhiteTitle "CM"]
[BlackTitle "FM"]
[WhiteElo "2151"]
[BlackElo "2280"]
[WhiteFideId "14501945"]
[BlackFideId "386588"]
[EventDate "2020.05.25"]

1. d4 Nf6 2. Bf4 g6 3. Nc3 d5 4. e3 Bg7 5. h4 h5 6. Bd3 O-O 7. Nf3 Bg4 8. Qd2 c5
9. Ne5 Nc6 10. f3 Be6 11. dxc5 Qa5 12. Ne2 Qxc5 13. c3 Ne4 14. Bxe4 dxe4 15.
Nxc6 Qxc6 16. O-O Bc4 17. Rf2 e5 18. Bg3 Rad8 19. Qe1 exf3 20. gxf3 Rd3 21. Nc1
Rd7 22. e4 Rfd8 23. Nb3 Bf8 24. Rd2 Qf6 25. Rxd7 Rxd7 26. Kg2 Rd3 27. Nd2 Bh6
28. Nxc4 Qxf3+ 29. Kh2 Bf4 30. Bxf4 Qxf4+ 31. Kg2 Qg4+ 32. Kf2 Qxh4+ 33. Kg2
Qh3+ 34. Kg1 Rg3+ 35. Qxg3 Qxg3+ 36. Kh1 Qf3+ 37. Kg1 Qg4+ 38. Kf2 Qf4+ 39. Ke2
Qxe4+ 40. Ne3 f5 41. Kd2 f4 42. Nc2 Qg2+ 43. Kd1 f3 0-1

[Event "Euro Online U2300 Day 1"]
[Site "chess.com INT"]
[Date "2020.05.25"]
[Round "7"]
[White "Bivol, Alina"]
[Black "Iustin, Silviu"]
[Result "1-0"]
[WhiteTitle "WGM"]
[WhiteElo "2386"]
[BlackElo "1998"]
[WhiteFideId "4100123"]
[BlackFideId "1237071"]
[EventDate "2020.05.25"]

1. Nf3 Nf6 2. g3 g6 3. Bg2 Bg7 4. O-O d6 5. d4 O-O 6. c4 c6 7. Nc3 Qa5 8. Qc2
Qh5 9. h4 e5 10. dxe5 dxe5 11. Bg5 h6 12. Be3 Ng4 13. Bc5 Re8 14. Rad1 Be6 15.
Ne4 Nd7 16. Bb4 Bf5 17. Nfd2 b6 18. Qb3 c5 19. Bc3 Rab8 20. Nd6 Red8 21. Nxf5
Qxf5 22. Ne4 Ngf6 23. Nd6 Qe6 24. Nb5 a5 25. Rd6 Qe7 26. Rfd1 Ne8 27. R6d2 Nf8
28. Qc2 Ne6 29. e3 Rxd2 30. Rxd2 Rd8 31. Qe4 Rxd2 32. Bxd2 Nd6 33. Qa8+ Kh7 34.
Na3 f5 35. Qb8 Qc7 36. Qxc7 Nxc7 37. b3 e4 38. Nb1 Na6 39. Nc3 Nc7 40. f3 exf3
41. Bxf3 Be5 42. Kg2 Kg7 43. Na4 Na6 44. Nxb6 Nb4 45. Nd7 Bf6 46. Nxc5 Nxa2 47.
Bxa5 Nc1 48. Bd2 Na2 49. Na4 Nf7 50. c5 Ne5 51. c6 Bd8 52. b4 Kf6 53. Bd5 Nxb4
54. Bxb4 1-0

[Event "Euro Online U2300 Day 1"]
[Site "chess.com INT"]
[Date "2020.05.25"]
[Round "7"]
[White "Krallis, Christos"]
[Black "Doluhanova, Evgeniya"]
[Result "1-0"]
[BlackTitle "WGM"]
[WhiteElo "2284"]
[BlackElo "2229"]
[WhiteFideId "4298896"]
[BlackFideId "14112035"]
[EventDate "2020.05.25"]

1. d4 Nf6 2. c4 e6 3. Nf3 b6 4. g3 Bb7 5. Bg2 Be7 6. O-O O-O 7. Nc3 Ne4 8. Qc2
Nxc3 9. Qxc3 Be4 10. b3 Bf6 11. Bb2 d5 12. Qe3 Nd7 13. Rac1 Re8 14. Rfd1 Rc8 15.
Ne5 Bxe5 16. Bxe4 Bf6 17. Bb1 c5 18. cxd5 exd5 19. Qd3 g6 20. e3 Bg7 21. Qd2 Qf6
22. Bd3 Red8 23. Ba6 Rc7 24. Ba3 Nb8 25. Bf1 Bf8 26. dxc5 bxc5 27. Qa5 Qb6 28.
Qc3 Bg7 29. Qc2 Bf8 30. e4 d4 31. Bc4 Nd7 32. f4 Nf6 33. h3 Qb7 34. Re1 Re8 35.
e5 Nh5 36. Qg2 Qxg2+ 37. Kxg2 Ng7 38. g4 Ne6 39. f5 gxf5 40. gxf5 Ng7 41. e6
fxe6 42. fxe6 Kh8 43. Re4 Bd6 44. Rce1 Rce7 45. Bc1 Rg8 46. Rg4 Nf5 47. Bg5 Rxg5
48. Rxg5 Ne3+ 49. Kf3 h6 50. Rg6 Kh7 51. Bd3 Kh8 52. Reg1 Re8 53. Rxh6# 1-0

[Event "Euro Online U2300 Day 1"]
[Site "chess.com INT"]
[Date "2020.05.25"]
[Round "7"]
[White "Eret, Matous"]
[Black "Zvereva, Margarita"]
[Result "0-1"]
[BlackTitle "WFM"]
[WhiteElo "2166"]
[BlackElo "1929"]
[WhiteFideId "364509"]
[BlackFideId "34177741"]
[EventDate "2020.05.25"]

1. e4 c5 2. Nf3 d6 3. d4 cxd4 4. Nxd4 Nf6 5. Nc3 a6 6. Be2 e5 7. Nb3 Be7 8. O-O
O-O 9. f4 Nbd7 10. Kh1 exf4 11. Bxf4 Ne5 12. Qe1 b5 13. Rd1 Qc7 14. a3 Bb7 15.
Bf3 Nxf3 16. gxf3 Nh5 17. Be3 Bf6 18. Nd4 g6 19. Rg1 Rfe8 20. Qf2 Kh8 21. Nb3
Bg7 22. Nd5 Bxd5 23. Rxd5 Nf6 24. Rd2 Qe7 25. Rgd1 Nxe4 26. fxe4 Qxe4+ 27. Qg2
Qxg2+ 28. Kxg2 Rxe3 29. c3 h5 30. Na5 Rae8 31. Nb7 Bh6 32. Nxd6 Re2+ 33. Rxe2
Rxe2+ 34. Kf3 Rxh2 35. Nxf7+ Kg7 36. Rd7 Rxb2 37. Ng5+ Kf6 38. Ne4+ Ke5 39. Nc5
Rc2 40. Nd3+ Ke6 41. Rc7 Kd6 42. Rc8 Kd7 43. Rh8 Rxc3 44. Ke4 Bd2 45. Rh7+ Ke6
46. Rb7 Rc4+ 47. Kf3 Kf5 48. Rf7+ Kg5 49. Ke2 Bc3 50. Nf2 Ra4 51. Rf3 Bd4 52.
Ne4+ Kg4 53. Rd3 h4 54. Nd2 h3 55. Nf3 Bb2 56. Nh2+ Kh4 57. Nf3+ Kh5 58. Rd5+
Kh6 0-1

[Event "Euro Online U2300 Day 1"]
[Site "chess.com INT"]
[Date "2020.05.25"]
[Round "7"]
[White "Inyushkin, Sergei"]
[Black "Spirliadis, Achileas"]
[Result "0-1"]
[WhiteElo "1555"]
[BlackElo "2149"]
[WhiteFideId "4155122"]
[BlackFideId "4215770"]
[EventDate "2020.05.25"]

1. c4 Nf6 2. Nc3 d6 3. g3 Nc6 4. Bg2 e5 5. d3 Be7 6. e3 O-O 7. Nge2 Be6 8. Nd5
Bxd5 9. cxd5 Nb4 10. e4 a5 11. O-O c5 12. a3 Na6 13. Nc3 Nc7 14. Qa4 Qe8 15.
Qxe8 Rfxe8 16. Bd2 b5 17. Rfc1 a4 18. Bh3 Reb8 19. Nd1 Ra7 20. Ne3 Bf8 21. Kf1
g6 22. Ke2 h5 23. f4 exf4 24. gxf4 Bg7 25. e5 Nfxd5 26. exd6 Nxf4+ 27. Kf3 Nxh3
28. dxc7 Rxc7 29. Nd5 Rd7 30. Rxc5 Bd4 31. Kg2 Kg7 32. Bc3 Bxc3 33. Rxc3 Rxd5
34. Kxh3 Re8 35. Rd1 Re2 36. b4 Rg5 37. d4 Rgg2 38. d5 Rxh2+ 39. Kg3 f5 40. d6
h4+ 41. Kf3 Rhf2# 0-1

[Event "Euro Online U2300 Day 1"]
[Site "chess.com INT"]
[Date "2020.05.25"]
[Round "7"]
[White "Frenkel, Ran"]
[Black "Kniazev, Alexander V."]
[Result "0-1"]
[BlackTitle "FM"]
[WhiteElo "2245"]
[BlackElo "2236"]
[WhiteFideId "2815974"]
[BlackFideId "4144120"]
[EventDate "2020.05.25"]

1. d4 Nf6 2. Bg5 Ne4 3. Bf4 d5 4. f3 Nf6 5. Nc3 e6 6. a3 c5 7. Nb5 Na6 8. e3 Be7
9. c3 O-O 10. a4 Bd7 11. Bd3 Qb6 12. Ne2 c4 13. Bc2 Bxb5 14. axb5 Qxb5 15. Qd2
Rfc8 16. O-O Nc7 17. e4 Nce8 18. e5 Nh5 19. Be3 g6 20. g4 Nhg7 21. f4 f5 22. h3
Qd7 23. Kh2 a5 24. Rg1 b5 25. Ng3 b4 26. Ba4 Qd8 27. Qg2 Bh4 28. gxf5 Bxg3+ 29.
Qxg3 Nxf5 30. Qf3 Neg7 31. Bf2 Kf7 32. Rg4 bxc3 33. bxc3 Rab8 34. Rag1 Rb2 35.
R1g2 Ra2 36. Bd1 Rb8 37. Be1 Rbb2 38. Rxb2 Rxb2+ 39. Rg2 Qb6 40. h4 Nh5 41. Bf2
Rd2 42. Be1 Rxg2+ 43. Kxg2 Qb2+ 44. Kh3 Qc1 45. Bf2 Nxf4+ 46. Kg4 h5+ 0-1

[Event "Euro Online U2300 Day 1"]
[Site "chess.com INT"]
[Date "2020.05.25"]
[Round "7"]
[White "Schekachikhin, Maksim"]
[Black "Kanyamarala, Tarun"]
[Result "0-1"]
[WhiteTitle "IM"]
[BlackTitle "FM"]
[WhiteElo "2406"]
[BlackElo "2381"]
[WhiteFideId "24177830"]
[BlackFideId "45004714"]
[EventDate "2020.05.25"]

1. Nf3 f5 2. d4 Nf6 3. Bf4 g6 4. e3 Bg7 5. Bc4 e6 6. h3 O-O 7. g4 d6 8. gxf5
gxf5 9. Rg1 Kh8 10. Nc3 Nc6 11. Qe2 a6 12. O-O-O b5 13. Bd3 Nb4 14. a3 Nxd3+ 15.
Qxd3 Bb7 16. d5 e5 17. Qxf5 exf4 18. Ng5 Bc8 19. Qxf4 Qe8 20. Qg3 Nh5 21. Qh4
Bf6 22. Qb4 Bd7 23. Nce4 a5 24. Qd2 h6 25. Nxf6 Nxf6 26. Ne6 Bxe6 27. dxe6 Qxe6
28. Rg6 h5 29. e4 Qe5 30. Rdg1 Nh7 31. Kb1 b4 32. f4 Rxf4 33. axb4 axb4 34. Qxb4
Rxe4 35. Qb3 Re1+ 0-1